|
|
|
|
| LEADER |
00000cam a2200000 a 4500 |
| 001 |
vtls010276949 |
| 003 |
SK-MaSNL |
| 005 |
20260301031731.0 |
| 008 |
240318s2011 xo g 000 0bslo |
| 015 |
|
|
|a SNBA2012/03-01633
|
| 020 |
|
|
|a 9788071628699
|q (viaz.)
|
| 035 |
|
|
|a 852F1426-85CE-4179-A626-4F28C69ED92D
|
| 035 |
|
|
|a urn:nbn:sk:snk-amjhrz
|
| 035 |
|
|
|a urn:nbn:sk:snk-am000ypb
|
| 040 |
|
|
|a SNK
|b slo
|c SNK
|e AACR2
|
| 041 |
1 |
|
|a slo
|h ita
|
| 044 |
|
|
|a xo
|c SK
|
| 072 |
|
7 |
|a 27
|x Kresťanstvo. Kresťanská cirkev všeobecne. Ekleziológia
|2 konspekt
|
| 072 |
|
7 |
|a 929
|x Biografie
|2 konspekt
|
| 080 |
|
|
|a 272-732.2-051
|2 2001
|
| 080 |
|
|
|a 272-1/-9
|2 2001
|
| 080 |
|
|
|a 27-4
|2 2001
|
| 080 |
|
|
|a (092)
|2 2001
|
| 080 |
|
|
|a 27-558.6
|2 2001
|
| 100 |
1 |
|
|a Del Rio, Domenico,
|d 1926-2003
|4 aut
|9 124596
|
| 240 |
1 |
0 |
|a Karol il Grande, Storia di Giovanni Paolo II.
|l Slovensky
|
| 245 |
1 |
0 |
|a Karol Veľký
|b [beatifikácia Jána Pavla II. : 1.5.2011]
|c Domenico Del Rio ; [z talianskeho originálu preložila Oľga Gavendová]
|
| 250 |
|
|
|a 2. vyd.
|
| 260 |
|
|
|a Trnava
|b Spolok svätého Vojtecha
|c 2011
|
| 300 |
|
|
|a 268 s.
|c 21 cm
|
| 490 |
1 |
|
|a Profily
|
| 500 |
|
|
|a Chronológia
|
| 600 |
0 |
7 |
|a Ján Pavol
|b II.,
|c pápež,
|d 1920-2005
|2 SNKMA
|9 106999
|
| 648 |
|
7 |
|a 20.-21. stor.
|2 SNKPH
|9 270701
|
| 648 |
|
7 |
|a 20th-21st centuries
|2 SNKPHeng
|9 285312
|
| 650 |
0 |
7 |
|a pápeži
|2 SNKPH
|9 1971
|
| 650 |
0 |
7 |
|a učenie katolíckej cirkvi
|2 SNKPH
|9 64342
|
| 650 |
0 |
7 |
|a kresťanský život
|2 SNKPH
|9 1808
|
| 650 |
0 |
7 |
|a Popes
|2 SNKPHeng
|9 311611
|
| 650 |
0 |
7 |
|a Catholic doctrine
|2 SNKPHeng
|9 302535
|
| 650 |
0 |
7 |
|a Christian life
|2 SNKPHeng
|9 265582
|
| 650 |
0 |
7 |
|a beatifikácia
|2 SNKPH
|9 1689
|
| 650 |
0 |
7 |
|a Beatification
|2 SNKPHeng
|9 327734
|
| 655 |
|
7 |
|a biografie
|2 SNKPH
|9 27965
|
| 655 |
|
7 |
|a Biography
|2 SNKPHeng
|9 266314
|
| 700 |
1 |
|
|a Gavendová, Oľga,
|d 1969-
|4 trl
|9 217158
|
| 830 |
|
0 |
|a Profily
|9 279435
|
| 852 |
|
|
|a Štátna vedecká knižnica v Banskej Bystrici
|
| 919 |
|
|
|a 978-80-7162-869-9
|
| 958 |
|
|
|a OND
|
| 958 |
|
|
|a OP
|
| 958 |
|
|
|a IT
|
| 958 |
|
|
|a BC
|
| 968 |
|
|
|b IT
|d 2
|
| 999 |
|
|
|c 577227
|d 579157
|
| 952 |
|
|
|a SNK
|b SNK
|y PREZ
|7 0
|p 17A0878327
|o snkSC 148383
|i snk2012/4394
|8 0
|0 0
|1 0
|4 0
|d 2012-02-17
|l 0
|r 2025-07-17 00:00:00
|w 2026-02-23
|
| 952 |
|
|
|a SNK
|b SNK
|y VYP
|7 0
|p 17A0878326
|o snkSC 148383 D1
|i snk2012/4395
|8 0
|0 0
|1 0
|4 0
|d 2012-02-17
|f 1
|l 0
|r 2026-02-23 14:37:40
|w 2026-02-23
|